[Event "1/8 Finale"]
[Site "www.chess-mail.com"]
[Date "2015.01.04"]
[Round "1"]
[White "Szustan"]
[Black "Seger"]
[WhiteElo "2600"]
[BlackElo "2650"]
[Result "1/2-1/2"]
[Round "1"]
1.e4 d6
2.d4 c5
3.d5 g6
4.Ng1f3 Ng8f6
5.Nb1c3 Bf8g7
6.Bf1e2 O-O
7.O-O Bc8g4
8.Bc1g5 Nb8d7
9.Rf1e1 Qd8b6
10.Qd1c1 e6
11.dxe6 fxe6
12.Be2c4 Ra8e8
13.e5 dxe5
14.Nf3d2 Bg4f5
15.h3 e4
16.a4 a6
17.a5 Qb6c7
18.Nc3xe4 Nf6xe4
19.Nd2xe4 Nd7e5
20.Bc4f1 Bf5xe4
21.Re1xe4 Qc7c6
22.Re4e1 Rf8f5
23.Bg5e3 c4
24.Re1d1 Bg7f8
25.f4 Ne5f7
26.g4 Rf5b5
27.Rd1d4 Rb5c5
28.Bf1g2 Qc6b5
29.Rd4d1 Rc5c8
30.Be3d4 Bf8b4
31.Qc1e3 Rc8d8
32.Qe3e4 Bb4xa5
33.Bg2f3 Ba5b6
34.Bd4xb6 Qb5xb6
35.Kg2 Qb6xb2
36.Qe4xc4 g5
37.Qc4b3 Qb2xb3
38.cxb3 Rd8xd1
39.Ra1xd1 gxf4
40.Bf3xb7 Re8b8
41.Bb7xa6 Rb8xb3
42.Rd1e1 Kg7
43.Re1xe6 Nf7g5
44.Re6e7 Kf6
45.Re7b7 { draw }
1/2-1/2

[Event "1/128 Finale"]
[Site "www.chess-mail.com"]
[Date "2015.01.04"]
[Round "1"]
[White "Genius9"]
[Black "Mitja"]
[WhiteElo "1220"]
[BlackElo "1960"]
[Result "1-0"]
[Round "1"]
1.d4 d5
2.c4 dxc4
3.e4 e6
4.Bf1xc4 c6
5.Ng1f3 Nb8d7
6.Nb1c3 Nd7b6
7.Bc4d3 h6
8.O-O Ng8f6
9.h3 Bf8e7
10.a4 Bc8d7
11.a5 Nb6c8
12.Qd1e2 a6
13.Bc1e3 b5
14.axb6 Nc8xb6
15.Ra1xa6 Ra8xa6
16.Bd3xa6 Qd8a8
17.Nf3e5 O-O
18.Ne5xd7 Nb6xd7
19.Ba6d3 Rf8d8
20.e5 { resign }
1-0

[Event "Eq:Team USA-Los Tercios : "]
[Site "www.chess-mail.com"]
[Date "2015.01.04"]
[Round "1"]
[White "Olddog55"]
[Black "Vasylpuzanov"]
[WhiteElo "1680"]
[BlackElo "1820"]
[Result "0-1"]
[Round "1"]
1.d4 d5
2.Ng1f3 Ng8f6
3.e3 Bc8g4
4.Bf1e2 e6
5.Nf3e5 Bg4xe2
6.Qd1xe2 Nb8d7
7.O-O Bf8d6
8.f4 O-O
9.Rf1f3 c5
10.Nb1d2 Ra8c8
11.b3 cxd4
12.exd4 Qd8b6
13.Bc1b2 Qb6c7
14.Ra1c1 a6
15.Rf3h3 Qc7a5
16.c3 Qa5xa2
17.Rc1b1 Bd6xe5
18.fxe5 Nf6e4
19.Qe2d3 f5
20.Bb2c1 Rc8xc3
21.Qd3e2 Qa2xb1
22.Nd2xb1 Rc3xc1
{ resign }
0-1

[Event "Fast Game"]
[Site "www.echecsemail.com"]
[Date "2015.01.04"]
[Round "1"]
[White "Dschelpe"]
[Black "Anol"]
[WhiteElo "1289"]
[BlackElo "1359"]
[Result "0-1"]
[Round "1"]
1.e4 e5
2.Ng1f3 d6
3.Bf1c4 Bc8g4
4.d4 Nb8c6
5.O-O g6
6.c3 Bf8g7
7.Qd1d3 Bg4xf3
8.Qd3xf3 Ng8f6
9.Bc1g5 O-O
10.Bc4b3 b5
11.Bb3c2 exd4
12.cxd4 Nc6xd4
13.Qf3d1 c5
14.Nb1c3 Nd4xc2
15.Qd1xc2 Qd8e8
16.Rf1e1 { time. }
0-1

[Event "Tourn. n7814"]
[Site "www.chess-mail.com"]
[Date "2015.01.05"]
[Round "1"]
[White "Uliczny2"]
[Black "Georgepapi"]
[WhiteElo "1700"]
[BlackElo "1700"]
[Result "0-1"]
[Round "1"]
1.e4 e5
2.Ng1f3 Nb8c6
3.Bf1b5 a6
4.Bb5a4 Ng8f6
5.O-O d6
6.d4 exd4
7.Nf3xd4 Bc8d7
8.Nb1c3 Bf8e7
9.f3 O-O
10.Ba4b3 Rf8e8
11.Bc1g5 h6
12.Bg5h4 Nc6e5
13.Bh4f2 Ne5c6
14.Qd1d2 Nc6e5
15.Ra1e1 c5
16.Nd4f5 Bd7xf5
17.exf5 c4
{ resign }
0-1

[Event "Tourn. n7860"]
[Site "www.chess-mail.com"]
[Date "2015.01.05"]
[Round "1"]
[White "Drdoom"]
[Black "Georgepapi"]
[WhiteElo "1670"]
[BlackElo "1740"]
[Result "1-0"]
[Round "1"]
1.e4 e5
2.Ng1f3 Nb8c6
3.a3 Ng8f6
4.Nb1c3 d6
5.h3 Bf8e7
6.Bf1b5 Bc8d7
7.O-O O-O
8.Rf1e1 a6
9.Bb5f1 Rf8e8
10.d4 exd4
11.Nf3xd4 Be7f8
12.Nd4f3 h6
13.b4 Nc6e5
14.Bf1e2 Bd7c6
15.Be2d3 d5
16.Bc1b2 Ne5xf3
17.Qd1xf3 dxe4
18.Nc3xe4 Nf6d7
19.Qf3f5 Nd7b6
20.Ne4f6 { resign }
1-0

[Event "Tourn. n7739"]
[Site "www.chess-mail.com"]
[Date "2015.01.05"]
[Round "1"]
[White "Samael"]
[Black "Derfel83"]
[WhiteElo "2050"]
[BlackElo "1800"]
[Result "1-0"]
[Round "1"]
1.e4 c5
2.Ng1f3 d6
3.Nb1c3 g6
4.d3 Bf8g7
5.Bc1d2 Ng8f6
6.Bf1e2 O-O
7.O-O e5
8.h3 Nb8d7
9.Nf3h2 a6
10.a3 b5
11.Nc3a2 Bc8b7
12.Nh2g4 d5
13.Ng4xf6 Nd7xf6
14.f3 c4
15.c3 Ra8c8
16.exd5 cxd3
17.Be2xd3 Bb7xd5
18.Bd2e3 Bd5e6
19.Na2b4 Nf6d5
20.Nb4xd5 Qd8xd5
21.Bd3e4 Qd5xd1
22.Rf1xd1 Rc8d8
23.Kf2 f5
24.Be4c2 e4
25.Rd1xd8 Rf8xd8
26.fxe4 f4
27.Be3xf4 Bg7e5
28.Bf4e3 Be6c4
29.Ra1d1 Rd8f8
30.Ke1 Be5g3
31.Kd2 Bg3f2
32.Bc2d3 Bc4xd3
33.Kxd3 Rf8d8
34.Be3d4 Rd8f8
35.Ke2 Bf2g3
36.Rd1f1 Rf8e8
37.Ke3 g5
38.Rf1f5  { time }
1-0

[Event "Tourn. n7791"]
[Site "www.chess-mail.com"]
[Date "2015.01.05"]
[Round "1"]
[White "Darknight"]
[Black "Naujzaid"]
[WhiteElo "1810"]
[BlackElo "1840"]
[Result "0-1"]
[Round "1"]
1.e4 c5
2.Bf1c4 d6
3.d3 Ng8f6
4.h3 e6
5.a3 Bf8e7
6.Bc1g5 O-O
7.Nb1d2 a6
8.f4 b5
9.Bc4a2 Bc8b7
10.h4 Nb8c6
11.c3 Qd8c7
12.Qd1e2 a5
13.O-O-O b4
14.a4 bxc3
15.bxc3 Bb7a6
16.Ng1f3 Ra8b8
17.Rd1g1 Qc7b6
18.Nd2b3 h6
19.Nf3d2 Rf8c8
20.Bg5xf6 Be7xf6
21.Kc2 d5
22.e5 Bf6e7
23.g4 c4
24.dxc4 Ba6xc4
25.Qe2f3 Bc4xb3
26.Nd2xb3 Nc6b4
27.Kd2 Nb4xa2
28.Nb3d4 Qb6b2
29.Nd4c2 Rc8xc3
30.Qf3d1 Na2b4
31.Qd1a1 Qb2xc2
32.Ke1 Nb4d3
33.Kf1 Qc2f2

0-1

[Event "Tourn. n7902"]
[Site "www.chess-mail.com"]
[Date "2015.01.05"]
[Round "1"]
[White "Tenzinnima"]
[Black "Derik"]
[WhiteElo "1839"]
[BlackElo "1470"]
[Result "1-0"]
[Round "1"]
1.c4 e6
2.g3 d5
3.Bf1g2 c5
4.Ng1f3 Nb8c6
5.O-O Ng8f6
6.cxd5 Qd8xd5
7.Nb1c3 Qd5d6
8.d4 c4
9.e4 Qd6b4
10.d5 exd5
11.exd5 Nc6a5
12.Nf3d4 g6
13.Rf1e1 Bf8e7
14.Bc1h6 Qb4xb2
15.d6 Qb2xc3
16.Qd1a4 Bc8d7
17.Re1xe7 Kd8
18.Qa4d1 Nf6g4
19.Bh6g7 Rh8g8
20.Nd4c6 Kc8
21.Bg7xc3 Na5xc6
22.Re7xd7 Kxd7
23.Qd1xg4 Kxd6
24.Bg2xc6 bxc6
25.Qg4d4 Kc7
26.Ra1b1 Rg8d8
27.Bc3a5 Kc8
28.Qd4xd8 
1-0

[Event "Tourn. n7936"]
[Site "www.chess-mail.com"]
[Date "2015.01.05"]
[Round "1"]
[White "Louis"]
[Black "Picifarkinca"]
[WhiteElo "1900"]
[BlackElo "1970"]
[Result "0-1"]
[Round "1"]
1.d4 Ng8f6
2.c4 e5
3.dxe5 Nf6g4
4.Bc1f4 Nb8c6
5.Ng1f3 Bf8b4
6.Nb1d2 Qd8e7
7.e3 Ng4xe5
8.Nf3xe5 Nc6xe5
9.Bf1e2 O-O
10.O-O Bb4xd2
11.Qd1xd2 d6
{ resign }
0-1

[Event "Tourn. n7895"]
[Site "www.chess-mail.com"]
[Date "2015.01.05"]
[Round "1"]
[White "Liencam2"]
[Black "Sargentomeza"]
[WhiteElo "2260"]
[BlackElo "2279"]
[Result "1-0"]
[Round "1"]
1.e4 e5
2.Ng1f3 Nb8c6
3.d4 exd4
4.c3 dxc3
5.Bf1c4 cxb2
6.Bc1xb2 Bf8b4
7.Nb1c3 Ng8f6
8.Qd1c2 O-O
9.O-O-O d6
10.e5 Nf6g4
11.exd6 cxd6
12.Rd1d5 Ng4e5
13.Bc4e2 Bc8e6
14.Rd5b5 Ne5xf3
15.gxf3 Nc6d4
16.Qc2e4 Bb4xc3
17.Bb2xc3 Nd4xb5
18.Be2xb5 Ra8c8
19.Qe4d4  { time }
1-0

[Event "Tourn. n7841"]
[Site "www.chess-mail.com"]
[Date "2015.01.05"]
[Round "1"]
[White "Numanoid"]
[Black "Jose"]
[WhiteElo "2490"]
[BlackElo "2700"]
[Result "1-0"]
[Round "1"]
1.e4 c5
2.a3 g6
3.b4 Bf8g7
4.Nb1c3 d6
5.g3 Nb8c6
6.Ra1b1 cxb4
7.axb4 a5
8.b5 Nc6d4
9.Nc3a4 Ng8f6
10.Bf1g2 Bc8d7
11.c4 O-O
12.Bc1b2 Nf6e8
13.Ng1h3 Ne8c7
14.Nh3f4 Ra8b8
15.O-O Nc7e6
16.Nf4d5 Ne6c5
17.Na4xc5 dxc5
18.f4 b6
19.d3 Bd7c8
20.e5 Bc8b7
21.Bg2e4 e6
22.Nd5c3 f6
23.exf6 Qd8xf6
24.Rf1f2 Qf6e7
25.Qd1g4 Nd4c2
26.Rf2xc2 { resign }
1-0

[Event "Tourn. n7784"]
[Site "www.chess-mail.com"]
[Date "2015.01.05"]
[Round "1"]
[White "Derik"]
[Black "Georgepapi"]
[WhiteElo "1639"]
[BlackElo "1650"]
[Result "0-1"]
[Round "1"]
1.e4 e5
2.d3 Ng8f6
3.Nb1d2 d5
4.Ng1f3 Nb8c6
5.g3 dxe4
6.dxe4 Bf8c5
7.Bf1g2 O-O
8.O-O Bc8g4
9.h3 Bg4h5
10.Qd1e2 Nc6d4
11.Qe2c4 Nd4xf3
12.Nd2xf3 Bc5b6
13.b3 Rf8e8
14.g4 Bh5g6
15.Rf1e1 Qd8e7
16.Bc1g5 h6
17.Bg5xf6 Qe7xf6
18.Ra1d1 Ra8d8
19.h4 Qf6f4
20.Qc4b5 Qf4xg4
21.Qb5e2 a6
22.Rd1b1 Bg6h5
23.Qe2c4 Qg4f4
24.Qc4c3 Bh5xf3
25.Bg2xf3 Qf4xh4
26.Re1f1 Re8e6
27.Qc3c4 Re6g6
28.Bf3g2 Qh4h3
29.Rf1e1 Qh3xg2
{ resign }
0-1

[Event "Tourn. n7832"]
[Site "www.chess-mail.com"]
[Date "2015.01.05"]
[Round "1"]
[White "Rodemund"]
[Black "Passaroa25"]
[WhiteElo "1610"]
[BlackElo "1540"]
[Result "1-0"]
[Round "1"]
1.e3 d6
2.Nb1c3 c6
3.d3 e5
4.h3 Nb8d7
5.g3 Nd7b6
6.Bf1g2 Bc8d7
7.a3 Ng8e7
8.Ng1f3 f6
9.g4 g5
10.e4 Ne7g6
11.Nc3e2 Bf8e7
12.b3 Qd8c7
13.Bc1b2 O-O-O
14.Qd1d2 Ng6f4
15.Ne2xf4 Kb8
16.Nf4h5 Rh8g8
17.O-O Bd7e8
18.Nh5g3 Be8g6
19.Ng3f5 Bg6xf5
20.exf5 Nb6d5
21.c4 Nd5f4
22.Qd2e3 c5
23.Nf3d2 Nf4xg2
24.Kxg2 Qc7c6
25.Kg1 h6
26.f3 Rd8e8
27.Qe3e4 Qc6xe4
28.Nd2xe4 Rg8h8
29.Ne4g3 Rh8g8
30.Rf1e1 a5
31.a4 b6
32.Bb2c3 Re8d8
33.Ra1d1 d5
34.cxd5 Rd8xd5
35.Ng3e4 Rg8d8
36.Re1e3 Ka7
37.Kg2 Rd8d7
38.Bc3b2 Ka6
39.Ne4c3 Rd5xd3
40.Re3xd3 Rd7xd3
41.Rd1xd3 Be7f8
42.Rd3d7 c4
43.Nc3b5 cxb3
44.Rd7a7 
1-0

[Event "Tourn. n7927"]
[Site "www.chess-mail.com"]
[Date "2015.01.05"]
[Round "1"]
[White "Gatrooper"]
[Black "Ranjachess"]
[WhiteElo "1320"]
[BlackElo "1400"]
[Result "0-1"]
[Round "1"]
1.e4 d5
2.e5 e6
3.d4 a6
4.a3 f6
5.exf6 Ng8xf6
6.h3 Bf8d6
7.Ng1f3 Nf6e4
8.Bf1d3 Qd8f6
9.Bd3xe4 dxe4
10.Nf3h2 Bd6xh2
11.Rh1xh2 O-O
12.g4 e5
13.Nb1c3 exd4
14.Nc3d5 Qf6e5
15.Nd5f4 Rf8xf4
16.Bc1xf4 Qe5xf4
17.Rh2h1 e3
18.fxe3 Qf4xe3
19.Qd1e2 Qe3e6
20.Qe2xe6 Bc8xe6
21.Ra1d1 Nb8c6
22.b4 Ra8e8
23.Kd2 Nc6e5
24.Kc1 Re8d8
25.Rd1e1 Rd8d5
26.c4 Ne5d3
27.Kd2 Nd3xe1
28.cxd5 Ne1f3
29.Ke2 Be6xd5
30.Rh1c1 c6
31.Kd3 b5
32.Rc1a1 Kf7
33.a4 Kf6
34.Ra1f1 Bd5c4
35.Ke4 Bc4xf1
36.Kxf3 d3
37.Kf2 Bf1e2
38.Ke1 bxa4
39.Kd2 a3
40.h4 a2
41.g5 Kg6
42.h5 Kxg5
43.b5 axb5
44.h6 a1Q
45.hxg7 Qa1xg7
46.Ke3 Qg7b2
47.Ke4 d2
{ resign }
0-1

[Event "Tourn. n7887"]
[Site "www.chess-mail.com"]
[Date "2015.01.05"]
[Round "1"]
[White "Rindrandria"]
[Black "Uliczny2"]
[WhiteElo "1470"]
[BlackElo "1680"]
[Result "1-0"]
[Round "1"]
1.d4 Ng8f6
2.f3 g6
3.c3 Bf8g7
4.Ng1h3 O-O
5.Qd1c2 d6
6.g4 e5
7.Bc1g5 Bc8e6
8.e4 exd4
9.cxd4 Be6d7
10.Bf1d3 Qd8c8
11.Nh3f4 Nb8c6
12.Qc2f2 h6
13.h4 hxg5
14.hxg5 Nf6h7
15.Qf2h4 Nh7xg5
16.Qh4xg5 Nc6xd4
17.Nb1d2 Qc8d8
18.Qg5d5 Bd7c6
19.Qd5c4 Qd8f6
20.Nf4e2 Nd4xf3
21.Kd1 Nf3xd2
22.Kxd2 Qf6xb2
23.Bd3c2 Qb2b5
24.Qc4d3 Bg7xa1
25.Qd3h3 Qb5g5
26.Kd1 Qg5h5
27.gxh5 g5
28.Qh3f5 { resign }
1-0

[Event "Tourn. n7974"]
[Site "www.chess-mail.com"]
[Date "2015.01.05"]
[Round "1"]
[White "Hali"]
[Black "Luban"]
[WhiteElo "2150"]
[BlackElo "2180"]
[Result "0-1"]
[Round "1"]
1.e4 c5
2.Ng1f3 d6
3.d4 cxd4
4.Nf3xd4 Ng8f6
5.Nb1c3 a6
6.Bc1g5 e6
7.f4 Bf8e7
8.Qd1f3 h6
9.Bg5xf6 Be7xf6
10.O-O-O Qd8c7
11.g4 Nb8c6
12.Nd4xc6 Qc7xc6
13.Rd1d3 b5
14.Rh1g1 Bc8b7
15.g5 hxg5
16.fxg5 Bf6xc3
17.Rd3xc3 Qc6xe4
18.Qf3f2 Qe4h4
19.Qf2xh4 Rh8xh4
20.h3 Ra8c8
21.Rg1g3 Rh4f4
22.Bf1e2 Kd7
23.Rc3xc8 Bb7xc8
24.Rg3f3 Rf4xf3
25.Be2xf3 d5
26.h4 Ke7
27.h5 Kf8
28.Kd2 f6
29.g6 d4
30.Bf3g4 Ke7
31.Kd3 Kf8
32.b4 f5
33.Bg4h3 e5
34.c4 dxc3
35.Kxc3 Ke7
36.Bh3f1 Kf6
37.Kd3 Bc8b7
38.Bf1e2 Kg5
39.Ke3 f4
40.Kf2 e4
{ resign }
0-1

[Event "Tourn. n7910"]
[Site "www.chess-mail.com"]
[Date "2015.01.05"]
[Round "1"]
[White "Sontuozio"]
[Black "Guidom"]
[WhiteElo "2260"]
[BlackElo "2150"]
[Result "0-1"]
[Round "1"]
1.d4 d5
2.Ng1f3 c6
3.e3 Bc8f5
4.Nf3h4 Bf5g6
5.Nh4xg6 hxg6
6.Bf1d3 Ng8f6
7.Nb1c3 e6
8.Qd1f3 Bf8e7
9.Bc1d2 Nb8d7
10.O-O-O Qd8c7
11.h3 O-O-O
12.Kb1 Nd7b6
13.Qf3e2 e5
14.dxe5 Qc7xe5
15.f4 Qe5d6
16.a3 Nf6d7
17.Nc3a2 Nd7c5
18.Bd2b4 Qd6f6
19.Bb4c3 Qf6e6
20.Bc3xg7 Rh8g8
21.Bg7c3 f5
22.g4 Nc5e4
23.Qe2f3 Be7c5
24.Rd1e1 Rd8e8
25.b4 Bc5d6
26.Bc3d4 Ne4d2
{ resign }
0-1

[Event "Tourn. n7926"]
[Site "www.chess-mail.com"]
[Date "2015.01.05"]
[Round "1"]
[White "Cardiff"]
[Black "Averoes"]
[WhiteElo "2140"]
[BlackElo "2170"]
[Result "0-1"]
[Round "1"]
1.d4 Ng8f6
2.Nb1c3 d5
3.Ng1f3 Bc8f5
4.e3 e6
5.Bf1d3 Bf5xd3
6.Qd1xd3 Nb8c6
7.a3 Bf8e7
8.O-O O-O
9.b4 a6
10.Bc1b2 b5
11.Nc3e2 Nf6e4
12.c3 f5
13.a4 Ne4d6
14.Ne2f4 Qd8d7
15.axb5 axb5
16.Nf3d2 g5
17.Nf4e2 Ra8xa1
18.Rf1xa1 Nd6c4
19.Nd2xc4 bxc4
20.Qd3c2 Be7f6
21.g3 Nc6d8
22.Qc2a4 Qd7g7
23.Qa4b5 h5
24.Ra1a7 h4
25.Qb5c5 Rf8f7
26.Ra7a8 Kh7
27.Qc5a5 hxg3
28.hxg3 Kg6
29.Qa5a7 Qg7h6
30.Qa7c5 Rf7h7
{ resign }
0-1

[Event "Tourn. n7926"]
[Site "www.chess-mail.com"]
[Date "2015.01.05"]
[Round "1"]
[White "Averoes"]
[Black "Luban"]
[WhiteElo "2170"]
[BlackElo "2180"]
[Result "0-1"]
[Round "1"]
1.d4 d5
2.c4 e6
3.Ng1f3 Ng8f6
4.g3 a6
5.b3 Bf8e7
6.Bf1g2 c5
7.O-O h6
8.dxc5 Be7xc5
9.cxd5 Qd8xd5
10.Bc1b2 Qd5xd1
11.Rf1xd1 Bc5e7
12.Nb1d2 Nb8c6
13.e4 b5
14.Nf3d4 Bc8b7
15.Nd2f1 O-O
16.Ra1c1 Nc6xd4
17.Rd1xd4 Ra8c8
18.e5 Rc8xc1
19.Bb2xc1 Bb7xg2
20.Kxg2 Nf6d5
21.Nf1e3 Be7c5
22.Rd4d3 Nd5b4
23.Rd3c3 Bc5xe3
24.Bc1xe3 Nb4xa2
25.Rc3c7 Rf8a8
26.Kf3 Na2b4
27.Be3c5 Nb4d5
28.Rc7b7 Ra8c8
29.Bc5d6 Rc8c3
30.Kg4 Rc3xb3
31.Rb7b8 Kh7
32.Rb8a8 b4
33.Ra8xa6 Rb3b2
34.Kf3 b3
35.Ra6a7 Kg6
36.Ra7b7 Rb2b1
37.h4 h5
38.Kg2 Nd5c3
39.Bd6a3 Nc3d1
40.Kf3 b2
41.Rb7b3 Kf5
42.Ke2 Kxe5
43.Kd2 Nd1xf2
44.Ba3xb2 Kf5
45.Rb3f3 Kg6
46.Bb2xg7 Kxg7
47.Rf3xf2 Rb1b2
48.Ke3 Rb2xf2
49.Kxf2 Kf6
50.Ke3 Kf5
51.Kf3 e5
{ resign }
0-1

[Event "Tourn. n7985"]
[Site "www.chess-mail.com"]
[Date "2015.01.05"]
[Round "1"]
[White "Luban"]
[Black "Bojan"]
[WhiteElo "2080"]
[BlackElo "1980"]
[Result "1-0"]
[Round "1"]
1.d4 g6
2.c4 d5
3.e3 Bc8e6
4.Nb1c3 c6
5.cxd5 Be6xd5
6.e4 Bd5e6
7.h3 Bf8g7
8.Bc1e3 Qd8a5
9.Ng1f3 Nb8a6
10.Bf1e2 Ng8f6
11.O-O b5
12.a3 Ra8d8
13.Nf3e5 Qa5c7
14.Ra1c1 Nf6d7
15.Nc3xb5 Qc7b8
16.Ne5xc6 Qb8a8
17.Nc6xd8 Kxd8
18.d5 Be6xh3
19.gxh3 Bg7xb2
20.Rc1c2 Bb2e5
21.f4 Be5d6
22.Nb5xd6 exd6
23.Be2xa6 Ke7
24.Rc2c7 Rh8b8
25.Rc7xa7 { resign }
1-0

[Event "Tourn. n7985"]
[Site "www.chess-mail.com"]
[Date "2015.01.05"]
[Round "1"]
[White "Bojan"]
[Black "Guidom"]
[WhiteElo "1980"]
[BlackElo "2040"]
[Result "1-0"]
[Round "1"]
1.c4 c5
2.Nb1c3 Ng8f6
3.g3 Nb8c6
4.f3 d5
5.cxd5 Nf6xd5
6.Qd1c2 Nc6b4
7.Qc2b3 Nd5xc3
8.bxc3 Nb4c6
9.e3 Bc8e6
10.Qb3xb7 Qd8c8
11.Qb7xc8 Ra8xc8
12.Bf1a6 Rc8c7
13.Ng1e2 g6
14.Ne2f4 Bf8g7
15.Nf4xe6 fxe6
16.Ba6c4 Kd7
17.Ra1b1 Nc6e5
18.Bc4e2 c4
19.Bc1a3 Rh8f8
20.f4 Ne5d3
21.Kf1 e5
22.Kg2 exf4
23.exf4 e5
24.Ba3xf8 Bg7xf8
25.Be2xd3 cxd3
26.fxe5 Ke6
27.Rh1f1 Bf8e7
28.Rb1b5 Rc7d7
29.c4 Rd7c7
30.Rf1f3 Rc7d7
31.h4 h5
32.Rf3e3 g5
33.Kh3 g4
34.Kg2 Be7d8
35.Rb5d5 Rd7b7
36.Rd5xd8 { resign }
1-0

[Event "Tourn. n7581"]
[Site "www.chess-mail.com"]
[Date "2015.01.05"]
[Round "1"]
[White "Bigrezi"]
[Black "Abuelo"]
[WhiteElo "1820"]
[BlackElo "2020"]
[Result "0-1"]
[Round "1"]
1.e4 e5
2.Ng1f3 Qd8f6
3.Nb1c3 c6
4.Bf1c4 h6
5.O-O Bf8b4
6.Nc3e2 Ng8e7
7.c3 Bb4c5
8.d4 exd4
9.Nf3xd4 O-O
10.Bc1e3 Bc5xd4
11.Be3xd4 Qf6g6
12.Bc4d3 d6
13.Qd1c2 c5
14.Bd4e3 Rf8d8
15.e5 Bc8f5
16.Bd3xf5 Qg6xf5
17.Qc2xf5 Ne7xf5
18.Be3f4 dxe5
19.Bf4c1 Nb8c6
20.f4 exf4
21.Bc1xf4 Rd8e8
22.Ne2g3 Nf5xg3
23.Bf4xg3 b6
24.Rf1f2 f6
25.Rf2d2 Nc6e7
26.Ra1d1 Ne7f5
27.Bg3f2 Kf7
28.Rd2d7 Re8e7
29.g4 Re7xd7
30.Rd1xd7 Nf5e7
31.Bf2g3 Ke8
32.Rd7d2 Ra8d8
33.Rd2xd8 Kxd8
34.h4 Kd7
35.Kf2 Ke6
36.Ke3 Kd5
37.b3 b5
38.Bg3b8 a6
39.Bb8c7 c4
40.b4 Ke6
41.Kd4 Ne7d5
42.Bc7g3 g5
43.hxg5 hxg5
44.a3 Nd5b6
45.Ke4 Nb6a4
46.Bg3e1 Na4b2
47.Kd4 f5
48.gxf5 Kxf5
49.Ke3 g4
50.Be1g3 Nb2d3
51.Kd2 Ke4
52.Ke2 Nd3b2
53.Bg3e1 Nb2a4
54.Be1d2 g3
55.Kf1 Kf3
56.Kg1 g2
57.Bd2e1 Ke2
58.Be1f2 Na4xc3
59.Kxg2 Nc3b1
60.Bf2c5 Nb1xa3
61.Kg3 c3
62.Kf4 c2
63.Bc5e3 Na3c4
64.Be3c1 Kd1
{ resign }
0-1

[Event "Match"]
[Site "www.echecsemail.com"]
[Date "2015.01.05"]
[Round "1"]
[White "Generalfree"]
[Black "Ruko"]
[WhiteElo "1770"]
[BlackElo "1910"]
[Result "1-0"]
[Round "1"]
1.e4 e5
2.Ng1f3 Nb8c6
3.Bf1b5 a6
4.Bb5xc6 dxc6
5.d3 Bf8d6
6.c3 Bc8g4
7.h3 Bg4h5
8.g4 Bh5g6
9.Bc1e3 Ng8f6
10.Nb1d2 O-O
11.Qd1e2 Rf8e8
12.Rh1g1 Qd8e7
13.h4 h6
14.g5 hxg5
15.hxg5 Nf6h7
16.Nf3h4 Qe7e6
17.Nh4xg6 Qe6xg6
18.O-O-O b5
19.Nd2f3 b4
20.Nf3h4 Qg6e6
21.c4  { time }
1-0

[Event "Match"]
[Site "www.echecsemail.com"]
[Date "2015.01.05"]
[Round "1"]
[White "Darknight"]
[Black "Susov"]
[WhiteElo "1790"]
[BlackElo "1750"]
[Result "0-1"]
[Round "1"]
1.e4 e5
2.Ng1f3 Nb8c6
3.c3 Ng8f6
4.d3 d5
5.exd5 Qd8xd5
6.h3 e4
7.Nf3d4 Nc6xd4
8.cxd4 Qd5xd4
9.a3 Bf8c5
10.Qd1d2 O-O
11.Nb1c3 Rf8e8
12.Kd1 Bc8f5
13.g4 Bf5d7
14.Qd2c2 Ra8d8
15.Bc1e3 exd3
16.Be3xd4 dxc2
17.Kxc2 Bc5xd4
18.f3 Bd4xc3
19.Kxc3 Bd7c6
20.Bf1g2 Re8e3
21.Kc2 Re3e2
22.Kb1 Re2xg2
23.a4 Bc6xf3
24.Rh1f1 Bf3e4
25.Ka2 Rd8d2
26.Ra1b1 Nf6d5
27.Rb1e1 Rd2xb2
28.Ka1 Rb2a2

0-1

[Event "Match"]
[Site "www.echecsemail.com"]
[Date "2015.01.05"]
[Round "1"]
[White "Comrade"]
[Black "Stevo100"]
[WhiteElo "2170"]
[BlackElo "2010"]
[Result "1-0"]
[Round "1"]
1.c4 e5
2.Nb1c3 Nb8c6
3.Ng1f3 Ng8f6
4.e3 Bf8b4
5.Nc3d5 Bb4a5
6.a3 Nf6xd5
7.cxd5 Nc6e7
8.b4 Ba5b6
9.Nf3xe5 Ne7xd5
10.Bf1c4 d6
11.Bc4xd5 dxe5
12.Bd5b3 c6
13.Bc1b2 Bb6c7
14.O-O O-O
15.d4 exd4
16.Qd1xd4 Qd8g5
17.f4 Qg5g6
18.Rf1f3 Bc8f5
19.Rf3g3 Bf5g4
20.h3 h5
21.hxg4 hxg4
22.f5 { resign }
1-0

[Event "Match"]
[Site "www.echecsemail.com"]
[Date "2015.01.05"]
[Round "1"]
[White "Pablincho"]
[Black "Georgepapi"]
[WhiteElo "1890"]
[BlackElo "1730"]
[Result "0-1"]
[Round "1"]
1.e4 e5
2.Ng1f3 Nb8c6
3.d4 exd4
4.Nf3xd4 Bf8c5
5.Nd4xc6 Qd8f6
6.Qd1e2 dxc6
7.Nb1c3 Bc8e6
8.Bc1e3 Bc5xe3
9.Qe2xe3 Ng8e7
10.Bf1d3 O-O
 { time }
0-1

[Event "Match"]
[Site "www.echecsemail.com"]
[Date "2015.01.05"]
[Round "1"]
[White "Blackpool"]
[Black "Pariolinius"]
[WhiteElo "1720"]
[BlackElo "1750"]
[Result "0-1"]
[Round "1"]
1.d4 Ng8f6
2.c4 g6
3.Nb1c3 Bf8g7
4.e4 O-O
5.h3 d6
6.Bc1e3 Nb8d7
7.g4 c5
8.d5 Nd7e5
9.f4 Ne5d7
10.Ng1f3 Nd7b6
11.Bf1d3 a6
12.O-O e6
13.Qd1c2 Bc8d7
14.Qc2g2 h6
15.Ra1e1 Nb6a4
16.Nc3xa4 Bd7xa4
17.b3 Ba4d7
18.Be3f2 b5
19.e5 Nf6e8
20.Bd3e4 Ra8b8
21.exd6 Ne8xd6
22.dxe6 Bd7xe6
23.cxb5 Nd6xe4
24.bxa6 Ne4xf2
25.Rf1xf2 Qd8a5
26.Rf2e2 Qa5xa6
27.Kh1 Bg7c3
28.Re1c1 Bc3b4
{ resign }
0-1

[Event "Match"]
[Site "www.echecsemail.com"]
[Date "2015.01.05"]
[Round "1"]
[White "Llord"]
[Black "Georgepapi"]
[WhiteElo "1740"]
[BlackElo "1730"]
[Result "1-0"]
[Round "1"]
1.e4 e5
2.Ng1f3 Nb8c6
3.Nb1c3 Ng8f6
4.Bf1c4 Bf8e7
5.O-O d6
6.Nf3g5 O-O
7.d3 h6
8.Ng5xf7 Rf8xf7
9.Bc4xf7 Kxf7
10.Nc3d5 Nf6xd5
11.exd5 Nc6b8
12.Qd1f3 Kg8
13.Qf3g3 Kh8
14.f4 Nb8d7
15.fxe5 Nd7xe5
16.d4 Ne5d7
17.Rf1f7 Be7f6
18.Qg3g6 Qd8e8
19.Bc1xh6 Nd7f8
20.Bh6xg7 Kg8
21.Bg7xf8 { resign }
1-0

[Event "Match"]
[Site "www.echecsemail.com"]
[Date "2015.01.05"]
[Round "1"]
[White "Pariolinius"]
[Black "Generalfree"]
[WhiteElo "1790"]
[BlackElo "1690"]
[Result "1-0"]
[Round "1"]
1.e4 c5
2.Ng1f3 e6
3.d4 d5
4.exd5 Qd8xd5
5.c4 Qd5e4
6.Bf1e2 cxd4
7.O-O Nb8c6
8.Be2d3 Qe4g4
9.h3 Qg4h5
10.Bd3e2 Qh5c5
11.a3 g6
12.b4 Qc5d6
13.Bc1b2 e5
14.Be2d3 f5
15.c5 Qd6f6
16.Nf3d2 b6
17.cxb6 axb6
18.Rf1e1 Bc8e6
19.Nd2f3 e4
20.Bd3b5 Ra8c8
21.Bb2xd4 Qf6f7
22.Nf3e5 Qf7b7
23.Ne5xc6 { resign }
1-0

[Event "Match"]
[Site "www.echecsemail.com"]
[Date "2015.01.05"]
[Round "1"]
[White "Canario"]
[Black "Generalfree"]
[WhiteElo "1740"]
[BlackElo "1750"]
[Result "0-1"]
[Round "1"]
1.e4 c5
2.Ng1f3 e6
3.Nb1c3 d6
4.d4 cxd4
5.Qd1xd4 Nb8c6
6.Bf1b5 Ng8e7
7.e5 Bc8d7
8.exd6 Nc6xd4
9.dxe7 Nd4xf3
10.gxf3 Bf8xe7
11.Bc1e3 Bd7xb5
12.Nc3xb5 Qd8a5
13.Nb5c3 Be7b4
14.Be3d2 Qa5e5
15.Kf1 O-O
16.Ra1e1 Qe5h5
17.Re1e3 Ra8d8
18.Re3d3 Rd8xd3
19.cxd3 Qh5xf3
20.Rh1g1 Bb4xc3
21.Bd2xc3 Qf3xd3
22.Kg2 g6
23.Kh1 Rf8d8
{ resign }
0-1

[Event "Match"]
[Site "www.echecsemail.com"]
[Date "2015.01.05"]
[Round "1"]
[White "Gimmyg"]
[Black "Passaroa25"]
[WhiteElo "1459"]
[BlackElo "1560"]
[Result "1-0"]
[Round "1"]
1.d4 e6
2.Bc1f4 Bf8d6
3.e3 Ng8e7
4.Bf4g5 h6
5.Bg5xe7 Bd6xe7
6.Bf1d3 d5
7.c3 Nb8d7
8.Ng1f3 g6
9.Nb1d2 g5
10.e4 Nd7b6
11.O-O f6
12.Kh1 Bc8d7
13.exd5 Nb6xd5
14.Qd1b3 Nd5f4
15.Bd3e4 Bd7c6
16.Be4xc6 bxc6
17.Qb3b7 O-O
18.Qb7xc6 Qd8d6
19.Qc6c4 Nf4d5
20.Rf1e1 Nd5b6
21.Qc4xe6 Qd6xe6
22.Re1xe6 Ra8e8
23.Ra1e1 Rf8f7
24.c4 Nb6a4
25.b3 Na4c3
26.a3 a5
27.Re6e3 Rf7f8
28.Re3xe7 Re8xe7
29.Re1xe7 c6
30.h3 a4
31.bxa4 Nc3xa4
32.Re7e6 c5
33.d5 Kf7
34.Nd2e4 f5
35.Nf3e5 Kg7
36.Re6g6 Kh7
37.Ne4f6 Rf8xf6
38.Rg6xf6 h5
39.Rf6a6 Na4c3
40.d6 g4
41.d7 Nc3e4
42.d8Q Ne4xf2
43.Kg1 Nf2xh3
44.gxh3 gxh3
45.Qd8d7 { resign }
1-0

[Event "Match"]
[Site "www.echecsemail.com"]
[Date "2015.01.05"]
[Round "1"]
[White "Tbsundar"]
[Black "Wwgia"]
[WhiteElo "1960"]
[BlackElo "2090"]
[Result "1-0"]
[Round "1"]
1.d4 c5
2.Ng1f3 cxd4
3.Nf3xd4 g6
4.e3 Bf8g7
5.b3 Nb8c6
6.Bc1b2 Ng8f6
7.c4 O-O
8.Bf1e2 d5
9.Nb1d2 Rf8e8
10.O-O e5
11.Nd4xc6 bxc6
12.c5 Nf6d7
13.Qd1c2 a5
14.e4 Bc8a6
15.Be2xa6 Ra8xa6
16.Ra1d1 Bg7f8
17.Bb2a3 Qd8h4
18.exd5 cxd5
19.Nd2f3 Qh4f6
20.Rd1xd5 Qf6c6
21.Rf1d1 Nd7f6
22.Rd5xe5 Ra6a8
23.Nf3d4 Qc6c7
24.Re5xe8 Ra8xe8
25.Nd4b5 Qc7c6
26.Nb5d4 Qc6d5
27.Nd4f3 Qd5c6
28.Qc2c3 Nf6e4
29.Qc3c2 Ne4f6
30.Nf3d4 Qc6c7
31.Nd4b5 Qc7d7
32.c6 Qd7d5
33.Nb5c7 { resign }
1-0

[Event "Match"]
[Site "www.echecsemail.com"]
[Date "2015.01.05"]
[Round "1"]
[White "Nozal"]
[Black "Anthony61"]
[WhiteElo "1830"]
[BlackElo "1679"]
[Result "1-0"]
[Round "1"]
1.e4 e6
2.e5 d5
3.d4 c5
4.Ng1f3 cxd4
5.Qd1xd4 Nb8c6
6.Bf1b5 Bc8d7
7.Bb5xc6 Bd7xc6
8.O-O  { time }
1-0